[Event "Roncana op-B 13th"]
[Site "Santa Eulalia de Roncana"]
[Date "2019.10.05"]
[Round "2"]
[White "Casas Nin, Jordi"]
[Black "Viaplana Puigdomenech, Santi"]
[Result "1-0"]
[WhiteElo "1534"]
[BlackElo "1459"]
[PlyCount "189"]
[EventDate "2019.09.28"]
[EventType "swiss"]
[EventRounds "8"]
[EventCountry "ESP"]
[SourceTitle "CBM 193 Extra"]
[Source "ChessBase"]
[SourceDate "2020.01.31"]
[SourceVersion "1"]
[SourceVersionDate "2020.01.31"]
[SourceQuality "1"]

1. e4 e6 2. d4 d5 3. e5 c5 4. Bb5+ Bd7 5. Bxd7+ Nxd7 6. Nf3 Be7 7. c3 Nb6 8. 0-0 Rc8 9. Be3 c4 10. b3 h6 11. a4 a5 12. Nbd2 Bf8 13. Rb1 Qd7 14. Ra1 Ne7 15. bxc4 Nxc4 16. Nxc4 Rxc4 17. Bd2 Ng6 18. Qb3 Be7 19. Rfb1 Rc7 20. Qb6 Bd8 21. Qxa5 0-0 22. Qb5 Qc8 23. Qd3 Rc6 24. Ra2 Ba5 25. Rb3 Re8 26. Rc2 Re7 27. Rcb2 Rc4 28. Ra2 Rec7 29. Raa3 Qe8 30. Rb5 b6 31. g3 Qc8 32. Rbb3 Qf8 33. Ne1 Ne7 34. Nc2 Nf5 35. g4 Ne7 36. Ne3 R4c6 37. Nc2 Rc4 38. Ne3 R4c6 39. Nc2 Rc4 40. Ne1 Qd8 41. h4 Ng6 42. h5 Nf8 43. Nf3 Nh7 44. Kg2 Ng5 45. Nxg5 hxg5 46. f4 gxf4 47. Bxf4 Qh4 48. Qf3 g5 49. hxg6 fxg6 50. Bg3 Qh7 51. Qf6 Qf7 52. g5 Rc8 53. Be1 Re8 54. Rb2 Qxf6 55. gxf6 Kf7 56. Kf3 Rh8 57. Kg4 Rh5 58. Kf4 Rf5+ 59. Ke3 Rh5 60. Kf4 Rf5+ 61. Ke3 Rh5 62. Rc2 Rh3+ 63. Kf4 Rh5 64. Rg2 Rf5+ 65. Ke3 Rh5 66. Rg3 Rh1 67. Bd2 Rh5 68. Ke2 Rc8 69. Ra1 Rg8 70. Rag1 Rh7 71. Bf4 Rh4 72. Bc1 Rh2+ 73. Kd3 Rh5 74. Bd2 Rh2 75. Be3 Rh5 76. Rg5 Rh3 77. R1g2 Bxc3 78. Kxc3 Rxe3+ 79. Kb4 Re4 80. R5g4 Rxg4 81. Rxg4 Rc8 82. Kb5 Rc4 83. Rh4 Kg8 84. Kxb6 Rxa4 85. Kc6 Rc4+ 86. Kd7 Ra4 87. Kxe6 Ra6+ 88. Kxd5 Ra5+ 89. Ke4 Ra7 90. e6 Ra3 91. f7+ Kf8 92. Ke5 Ra5+ 93. d5 Ke7 94. Rh7 Kf8 95. Kf6 1-0

[Event "Roncana op-B 12th"]
[Site "Santa Eulalia de Roncana"]
[Date "2018.11.10"]
[Round "6"]
[White "Viaplana Puigdomenech, Santi"]
[Black "Flores Munoz, Daniel"]
[Result "0-1"]
[WhiteElo "1462"]
[BlackElo "1565"]
[PlyCount "124"]
[EventDate "2018.09.29"]
[EventType "swiss"]
[EventRounds "8"]
[EventCountry "ESP"]
[SourceTitle "EXT 2022"]
[Source "ChessBase"]
[SourceDate "2021.10.06"]
[SourceVersion "1"]
[SourceVersionDate "2021.10.06"]
[SourceQuality "1"]

1. Nf3 g6 2. d4 Bg7 3. e4 d6 4. c3 Nf6 5. Bd3 0-0 6. 0-0 c6 7. Be3 Nbd7 8. Qc1 Ng4 9. h3 Nxe3 10. Qxe3 Qc7 11. Nbd2 e5 12. Rac1 Nb6 13. Bc2 Be6 14. b3 Rad8 15. Bd3 Qe7 16. Nh2 d5 17. Ndf3 dxe4 18. Bxe4 Nd5 19. Bxd5 exd4 20. Nxd4 Bxd4 21. cxd4 Rxd5 22. Rc5 Rfd8 23. Rxd5 Rxd5 24. Ng4 Qd8 25. Rd1 Bxg4 26. hxg4 c5 27. Qf3 b6 28. Qe3 Qd7 29. Qf4 Rxd4 30. Qb8+ Kg7 31. Re1 Rd1 32. Qe5+ f6 33. Qe2 Rxe1+ 34. Qxe1 Kf7 35. Qe2 Qd4 36. g3 Qe5 37. Qa6 Qe1+ 38. Kg2 Qe7 39. Qc4+ Kg7 40. Qa6 Kh6 41. Qf1 Qe4+ 42. Kg1 Qxg4 43. Qc1+ Kg7 44. Qe3 Qd7 45. Qf3 f5 46. Qe2 Kf6 47. Qf3 Kg7 48. Qe2 Qd6 49. Qf3 Qe7 50. Qc3+ Qf6 51. Qd2 Qa1+ 52. Kg2 Qd4 53. Qg5 Qe4+ 54. Kh2 h6 55. Qd2 Qd4 56. Qe2 Kf6 57. Kg1 Qe4 58. Qd2 a5 59. Qd6+ Qe6 60. Qd8+ Kg7 61. Qc7+ Qf7 62. Qd8 Kh7 0-1

[Event "Roncana op-B 11th"]
[Site "Santa Eulalia de Roncana"]
[Date "2017.09.30"]
[Round "2.10"]
[White "Quiros Garcia, Luis"]
[Black "Viaplana Puigdomenech, Santi"]
[Result "1-0"]
[WhiteElo "1394"]
[BlackElo "1530"]
[PlyCount "133"]
[EventDate "2017.09.23"]
[EventType "swiss"]
[EventRounds "8"]
[EventCountry "ESP"]
[SourceTitle "EXT 2024"]
[Source "ChessBase"]
[SourceDate "2023.10.10"]
[SourceVersion "1"]
[SourceVersionDate "2023.10.10"]
[SourceQuality "1"]

1. e4 e6 2. d4 d5 3. Nc3 Nf6 4. e5 Nfd7 5. f4 c5 6. Nf3 Be7 7. Be3 0-0 8. Qd2 c4 9. a3 Nc6 10. Be2 a6 11. 0-0 b5 12. Rf2 f5 13. exf6 Bxf6 14. Bf1 Nb6 15. Ne5 Bd7 16. g3 Qe8 17. Re1 Be7 18. Nxc6 Bxc6 19. Rfe2 Bd7 20. Nd1 a5 21. c3 Nc8 22. Bh3 Qh5 23. Nf2 Qe8 24. Bg4 Rb8 25. Qc2 b4 26. Bc1 Qd8 27. Bxe6+ Bxe6 28. Rxe6 Rf6 29. Ng4 Rxe6 30. Rxe6 Rb6 31. Qf5 Rxe6 32. Qxe6+ Kh8 33. Ne5 Nd6 34. Nc6 Qc8 35. Qxe7 Ne4 36. cxb4 h6 37. Nxa5 c3 38. b3 c2 39. Nb7 Qc3 40. Kg2 Qe1 41. Qf8+ Kh7 42. Qf5+ Kg8 43. Qxd5+ Kh8 44. Qf7 Qe2+ 45. Kh3 Qf1+ 46. Kh4 Nf6 47. Bb2 Qe2 48. Qf8+ Kh7 49. Kh3 Qf1+ 50. Kh4 Qg2 51. h3 Qxb7 52. Qc5 Qf7 53. Qxc2+ Kh8 54. g4 Qe7 55. Kg3 Qe3+ 56. Kg2 Qxf4 57. b5 Nd5 58. Qc8+ Kh7 59. Qf5+ Qxf5 60. gxf5 Ne3+ 61. Kf3 Nxf5 62. a4 Nd6 63. d5 g5 64. b6 Kg8 65. a5 Kf7 66. Be5 Nb7 67. a6 1-0

[Event "Roncana op-B 10th"]
[Site "Santa Eulalia de Roncana"]
[Date "2016.10.15"]
[Round "4"]
[White "Lopez Torralba, Oscar"]
[Black "Viaplana Puigdomenech, Santi"]
[Result "1-0"]
[WhiteElo "1779"]
[BlackElo "1569"]
[PlyCount "139"]
[EventDate "2016.09.24"]
[EventType "swiss"]
[EventRounds "8"]
[EventCountry "ESP"]
[SourceTitle "EXT 2018"]
[Source "ChessBase"]
[SourceDate "2017.10.13"]
[SourceVersion "1"]
[SourceVersionDate "2017.10.13"]
[SourceQuality "1"]

1. e4 e6 2. d4 d5 3. e5 c5 4. Nf3 Nc6 5. c3 Bd7 6. Bd3 c4 7. Bc2 Be7 8. Be3 b5 9. a3 a5 10. Nbd2 b4 11. axb4 axb4 12. Rxa8 Qxa8 13. Qb1 g6 14. 0-0 b3 15. Bd1 Bd8 16. Ng5 h6 17. Nh3 Nge7 18. Nf4 Nf5 19. Nf3 Nce7 20. Be2 Nxe3 21. fxe3 Nf5 22. Kf2 h5 23. Nd2 Bg5 24. Nf3 Bh6 25. h4 Qd8 26. g3 Rg8 27. e4 Bxf4 28. gxf4 dxe4 29. Qxe4 Nxh4 30. Ng5 Qc8 31. Ra1 Bc6 32. d5 Bxd5 33. Qd4 Nf5 34. Qb6 Qd8 35. Qa7 Ne7 36. Nh7 Rg7 37. Nf6+ Kf8 38. Nxd5 Nxd5 39. Qc5+ Kg8 40. Qxc4 Qb6+ 41. Qd4 Qd8 42. Bf3 Qh4+ 43. Kf1 Qxf4 44. Qxf4 Nxf4 45. Ra8+ Kh7 46. Rb8 Nd3 47. Rxb3 Nxe5 48. Be2 Rg8 49. c4 Ra8 50. Rb6 Ra1+ 51. Kf2 Rc1 52. b3 Rc2 53. Ke3 Rc1 54. Kd2 Ra1 55. c5 Ra2+ 56. Ke3 Nd7 57. Rb5 Rc2 58. b4 Nf6 59. Kd3 Rc1 60. Kd2 Ra1 61. Ra5 Rh1 62. c6 Ne8 63. b5 Rb1 64. Bd3 Rh1 65. b6 Rh2+ 66. Kc3 Rh1 67. b7 Rc1+ 68. Bc2 Nd6 69. b8Q Ne4+ 70. Kb2 1-0

[Event "Roncana op-B 10th"]
[Site "Santa Eulalia de Roncana"]
[Date "2016.10.01"]
[Round "2"]
[White "Ortiz Padro, Pol"]
[Black "Viaplana Puigdomenech, Santi"]
[Result "0-1"]
[WhiteElo "1313"]
[BlackElo "1569"]
[PlyCount "136"]
[EventDate "2016.09.24"]
[EventType "swiss"]
[EventRounds "8"]
[EventCountry "ESP"]
[SourceTitle "EXT 2018"]
[Source "ChessBase"]
[SourceDate "2017.10.13"]
[SourceVersion "1"]
[SourceVersionDate "2017.10.13"]
[SourceQuality "1"]

1. c4 e6 2. d3 d5 3. cxd5 exd5 4. Nf3 Nf6 5. g3 c6 6. Bg2 Be7 7. 0-0 0-0 8. Nc3 Be6 9. Bd2 Nbd7 10. Ng5 Ne8 11. Nxe6 fxe6 12. Bh3 Nc7 13. Bf4 e5 14. Bd2 Nf6 15. f4 Bc5+ 16. Kh1 d4 17. Na4 Bd6 18. fxe5 Bxe5 19. Bg2 Kh8 20. Nc5 Rb8 21. Qb3 Qc8 22. a4 Bd6 23. Ne4 Nxe4 24. Rxf8+ Bxf8 25. Bxe4 Bd6 26. Ba5 Na6 27. Qf7 Qg8 28. Rf1 Qxf7 29. Rxf7 Kg8 30. Rd7 Be5 31. Bf5 Nc5 32. Re7 Bf6 33. Rc7 Bd8 34. b4 Bxc7 35. Bxc7 Rf8 36. bxc5 Rxf5 37. Bd6 Rf2 38. Bb8 a6 39. Be5 Rxe2 40. Bxd4 Rd2 41. a5 Rxd3 42. Be5 Ra3 43. Bc7 Ra2 44. Kg1 Kf7 45. Bb6 Ke6 46. h3 h5 47. Kf1 Kf5 48. Kg1 Ke4 49. Kh1 Kf3 50. g4 hxg4 51. hxg4 Kxg4 52. Kg1 Kf3 53. Kh1 g5 54. Kg1 g4 55. Bc7 g3 56. Bxg3 Kxg3 57. Kf1 Rxa5 58. Ke2 Rxc5 59. Kd3 a5 60. Kd4 Rc1 61. Kd3 a4 62. Kd2 Rc5 63. Kd3 Rb5 64. Kc4 a3 65. Kc3 a2 66. Kc2 a1Q 67. Kd3 Rd5+ 68. Ke4 Qd4# 0-1

[Event "Vall del Tenes op 4th"]
[Site "Santa Eulalia de Roncana"]
[Date "2015.04.17"]
[Round "2"]
[White "Viaplana Puigdomenech, Santi"]
[Black "Roquet Estrada, Albert"]
[Result "0-1"]
[WhiteElo "1844"]
[BlackElo "1998"]
[PlyCount "102"]
[EventDate "2015.04.10"]
[EventType "swiss"]
[EventRounds "8"]
[EventCountry "ESP"]
[SourceTitle "CBM 166 Extra"]
[Source "ChessBase"]
[SourceDate "2015.06.18"]
[SourceVersion "1"]
[SourceVersionDate "2015.06.18"]
[SourceQuality "1"]

1. d4 e5 2. dxe5 Qe7 3. Nf3 Nc6 4. c3 Nxe5 5. Nxe5 Qxe5 6. Nd2 d5 7. Nf3 Qf5 8. e3 Nf6 9. Nd4 Qe5 10. Be2 Bd7 11. Nf3 Qd6 12. Nd4 c6 13. 0-0 Be7 14. h3 0-0 15. a4 Ne4 16. Bf3 Rad8 17. Bxe4 dxe4 18. Qe2 Qf6 19. Kh1 c5 20. Nc2 Be6 21. Ne1 Rd7 22. b4 cxb4 23. cxb4 Bxb4 24. Ba3 Bxa3 25. Rxa3 Rfd8 26. Qb2 Bc4 27. Rg1 b6 28. Qb4 Qd6 29. Qxd6 Rxd6 30. Rc3 Bd3 31. Rc7 R6d7 32. Rc1 f5 33. g3 Kf7 34. Kh2 a6 35. Ng2 b5 36. axb5 Bxb5 37. Nf4 Rd2 38. Rc7+ R8d7 39. Rxd7+ Bxd7 40. Rc1 Rxf2+ 41. Kg1 Rd2 42. h4 a5 43. Rc7 a4 44. Ra7 h6 45. h5 Rd6 46. Ng6 Kf6 47. Nf4 Kg5 48. Kh2 Kg4 49. Ng2 Rd2 50. Kh1 Kxg3 51. Rxd7 Rxd7 0-1

[Event "Vall del Tenes op 3rd"]
[Site "Santa Eulalia de Roncana"]
[Date "2014.05.30"]
[Round "6"]
[White "Viaplana Puigdomenech, Santi"]
[Black "Mas Sayos, Lluis"]
[Result "0-1"]
[WhiteElo "1796"]
[BlackElo "1826"]
[PlyCount "118"]
[EventDate "2014.04.25"]
[EventType "swiss"]
[EventRounds "8"]
[EventCountry "ESP"]
[SourceTitle "CBM 160 Extra"]
[Source "ChessBase"]
[SourceDate "2014.07.01"]
[SourceVersion "1"]
[SourceVersionDate "2014.07.01"]
[SourceQuality "1"]

1. d4 Nf6 2. Nf3 g6 3. e3 Bg7 4. Bd3 d5 5. Nbd2 0-0 6. 0-0 Nbd7 7. e4 e5 8. c3 Re8 9. Qc2 b6 10. Re1 exd4 11. cxd4 c5 12. e5 Ng4 13. h3 Nh6 14. Nf1 cxd4 15. Bg5 f6 16. Bxh6 Bxh6 17. Bb5 Re7 18. Bc6 Rb8 19. Bxd5+ Kh8 20. exf6 Rxe1 21. Rxe1 Nxf6 22. Bc4 Bf5 23. Bd3 Rc8 24. Qb1 Rc5 25. Ne5 Bxd3 26. Qxd3 Qd5 27. Nf3 Qc4 28. Qxd4 Qxd4 29. Nxd4 Rd5 30. Nc6 Rd7 31. Re6 Kg7 32. Re1 Rc7 33. Re7+ Rxe7 34. Nxe7 Bc1 35. b3 Ba3 36. Ne3 Bxe7 37. g4 Ne4 38. Kg2 Bc5 39. Nd1 Kf6 40. f3 Nd6 41. Nc3 Ke5 42. Kg3 Kd4 43. Ne2+ Kd3 44. Nf4+ Kc3 45. Nd5+ Kb2 46. b4 Bd4 47. a4 Kb3 48. a5 bxa5 49. bxa5 Ka4 50. Ne7 Kb5 51. h4 Be3 52. Nd5 Bd2 53. a6 Kxa6 54. Nf6 h6 55. f4 Kb7 56. Ng8 a5 57. Ne7 a4 58. f5 gxf5 59. gxf5 a3 0-1

[Event "Roncana op-B 7th"]
[Site "Santa Eulalia de Roncana"]
[Date "2013.11.30"]
[Round "8"]
[White "Rosas Ventura, Salvador"]
[Black "Viaplana Puigdomenech, Santi"]
[Result "1-0"]
[WhiteElo "1500"]
[BlackElo "1589"]
[PlyCount "139"]
[EventDate "2013.10.05"]
[EventType "swiss"]
[EventRounds "8"]
[EventCountry "ESP"]
[SourceTitle "EXT 2015"]
[Source "ChessBase"]
[SourceDate "2014.11.20"]
[SourceVersion "1"]
[SourceVersionDate "2014.11.20"]
[SourceQuality "1"]

1. e4 Nc6 2. Nf3 e5 3. Bc4 Be7 4. Nc3 Nf6 5. 0-0 0-0 6. a3 d6 7. h3 Na5 8. Ba2 Be6 9. Bb1 b6 10. b4 Nb7 11. d4 exd4 12. Nxd4 Bd7 13. Qf3 Qc8 14. Nd5 Nxd5 15. exd5 Bf6 16. c3 Bxd4 17. cxd4 f5 18. Qg3 Kh8 19. Bb2 Rf6 20. f4 Rg6 21. Qh4 Qf8 22. Bd3 Re8 23. Rae1 Rxe1 24. Rxe1 Rf6 25. Re3 Rf7 26. Qe1 Qg8 27. Re7 Ba4 28. Re3 h6 29. Qc3 Be8 30. Qe1 Bd7 31. Ba6 Nd8 32. Bc8 Bb5 33. Ba6 Bd7 34. a4 Kh7 35. Bb5 c6 36. dxc6 Nxc6 37. d5 Nb8 38. Bxd7 Rxd7 39. Re8 Qf7 40. Rxb8 Re7 41. Qd2 Re4 42. Qc2 Re1+ 43. Kh2 Re4 44. Bc1 Qd7 45. Rc8 Qe7 46. Rc6 Qd7 47. Rc3 Qe7 48. Ra3 Qe8 49. Qc3 Qe7 50. Ra2 Re1 51. Rf2 Qe8 52. Bd2 Re4 53. Rf1 Qe7 54. Qd3 Qd7 55. a5 b5 56. Re1 Rxe1 57. Bxe1 a6 58. Bf2 g6 59. Qd4 Qf7 60. Qa7 Qxa7 61. Bxa7 Kg7 62. Bb8 h5 63. h4 Kf7 64. Bxd6 Kf6 65. Kg3 Kf7 66. Kf3 Ke8 67. Ke3 Kd7 68. Bc5 Kc7 69. Kd4 Kd7 70. Ke5 1-0

[Event "Roncana op-B 7th"]
[Site "Santa Eulalia de Roncana"]
[Date "2013.11.09"]
[Round "5"]
[White "Viaplana Puigdomenech, Santi"]
[Black "Peinado Segovia, Rafael"]
[Result "1-0"]
[WhiteElo "1589"]
[BlackElo "1386"]
[PlyCount "69"]
[EventDate "2013.10.05"]
[EventType "swiss"]
[EventRounds "8"]
[EventCountry "ESP"]
[SourceTitle "EXT 2015"]
[Source "ChessBase"]
[SourceDate "2014.11.20"]
[SourceVersion "1"]
[SourceVersionDate "2014.11.20"]
[SourceQuality "1"]

1. d4 d5 2. Nf3 Nf6 3. e3 e6 4. Bd3 c5 5. Nbd2 Qc7 6. e4 c4 7. Be2 dxe4 8. Ne5 b5 9. 0-0 Bd6 10. f4 Nc6 11. c3 0-0 12. Qc2 Bb7 13. b4 Ne7 14. a4 Nf5 15. Nb1 Nd5 16. Qb2 Nde3 17. Re1 f6 18. Bxe3 Nxe3 19. Ng4 Bxf4 20. Nxe3 Bxe3+ 21. Kh1 Bf4 22. Bg4 f5 23. Bh3 Bxh2 24. Qe2 g5 25. Qh5 Qf4 26. Na3 g4 27. Rf1 Qg3 28. Qg5+ Kh8 29. Bxg4 fxg4 30. Qe7 Rxf1+ 31. Rxf1 Qb8 32. Qf6+ Kg8 33. Qxe6+ Kh8 34. Qf6+ Kg8 35. Rf5 1-0

[Event "Roncana op-B 6th"]
[Site "Santa Eulalia de Roncana"]
[Date "2012.12.01"]
[Round "8"]
[White "Martinez Perez, Sergio"]
[Black "Viaplana Puigdomenech, Santi"]
[Result "0-1"]
[WhiteElo "1329"]
[BlackElo "1612"]
[PlyCount "70"]
[EventDate "2012.10.06"]
[EventType "swiss"]
[EventRounds "8"]
[EventCountry "ESP"]
[SourceTitle "EXT 2024"]
[Source "ChessBase"]
[SourceDate "2023.10.10"]
[SourceVersion "1"]
[SourceVersionDate "2023.10.10"]
[SourceQuality "1"]

1. e4 d5 2. exd5 Nf6 3. d4 Nxd5 4. Bc4 e6 5. Nf3 Nd7 6. Be3 Nxe3 7. fxe3 Be7 8. 0-0 0-0 9. Nc3 c6 10. Qe1 b5 11. Bd3 Bb7 12. Qg3 f5 13. Rae1 Nf6 14. Ng5 Nh5 15. Nxe6 Nxg3 16. Nxd8 Nxf1 17. Nxb7 Nxh2 18. Kxh2 Rab8 19. Na5 Rf6 20. Rf1 Rh6+ 21. Kg1 Bd8 22. Nb3 Bg5 23. Nd1 Re8 24. Re1 Rf6 25. Nc5 Rf7 26. e4 fxe4 27. Bxe4 Rfe7 28. Nc3 Bf6 29. d5 Bd4+ 30. Kh1 Bxc5 31. dxc6 Rb8 32. Nd5 Ree8 33. c7 Rbc8 34. Re2 Bd6 35. Bf5 Rxe2 0-1

[Event "Roncana op-B 6th"]
[Site "Santa Eulalia de Roncana"]
[Date "2012.10.20"]
[Round "2"]
[White "Viaplana Puigdomenech, Santi"]
[Black "Baltasar Diaz, Vicente"]
[Result "1-0"]
[WhiteElo "1612"]
[BlackElo "1475"]
[PlyCount "99"]
[EventDate "2012.10.06"]
[EventType "swiss"]
[EventRounds "8"]
[EventCountry "ESP"]
[SourceTitle "EXT 2024"]
[Source "ChessBase"]
[SourceDate "2023.10.10"]
[SourceVersion "1"]
[SourceVersionDate "2023.10.10"]
[SourceQuality "1"]

1. e4 c5 2. Nf3 d6 3. d4 cxd4 4. Nxd4 Nf6 5. Nc3 a6 6. h3 Bd7 7. Bd3 e6 8. 0-0 Be7 9. Bd2 0-0 10. Nf3 Nc6 11. a3 Qc7 12. Bf4 b5 13. b4 Rfb8 14. Ne2 a5 15. c3 axb4 16. cxb4 Ra6 17. Qd2 Qa7 18. Be3 Qa8 19. Qb2 Bd8 20. Nc3 Ne7 21. Nd4 Bc6 22. Nxc6 Qxc6 23. Rfc1 Qd7 24. Qe2 Raa8 25. Bxb5 Qb7 26. Bg5 Rc8 27. Bxf6 gxf6 28. Bd3 Nc6 29. Qg4+ Kh8 30. Qd1 Nxb4 31. Rab1 Rxa3 32. Rb3 Rxb3 33. Qxb3 Rc7 34. Qd1 Nxd3 35. Qxd3 Qc6 36. Ne2 Qd7 37. Ra1 Be7 38. Nc3 Qc8 39. Ne2 Qb8 40. Rb1 Rb7 41. Rc1 Rb2 42. Nd4 Ra2 43. Rb1 Qa8 44. Nc2 Qa4 45. Rb8+ Kg7 46. Qg3+ Kh6 47. Qh4+ Kg7 48. Qg4+ Kh6 49. Rg8 Bf8 50. Qh4# 1-0

[Event "Llinars del Valles op-B 6th"]
[Site "Llinars del Valles"]
[Date "2012.05.26"]
[Round "7"]
[White "Viaplana Puigdomenech, Santi"]
[Black "Mato Teixidor, Felip"]
[Result "1-0"]
[WhiteElo "1615"]
[BlackElo "1348"]
[PlyCount "101"]
[EventDate "2012.04.14"]
[EventType "swiss"]
[EventRounds "9"]
[EventCountry "ESP"]
[SourceTitle "EXT 2013"]
[Source "ChessBase"]
[SourceDate "2012.11.22"]
[SourceVersion "1"]
[SourceVersionDate "2012.11.22"]
[SourceQuality "1"]

1. e4 e5 2. Nf3 Nc6 3. Bb5 Bc5 4. Nc3 Nf6 5. 0-0 0-0 6. d3 h6 7. Na4 Bd6 8. Bd2 Ne7 9. Nc3 c6 10. Bc4 Bb8 11. a4 d5 12. Bb3 Be6 13. h3 Ng6 14. Qc1 Kh7 15. Re1 Qd6 16. Na2 c5 17. c4 d4 18. Bd1 b6 19. b4 a6 20. a5 Bc7 21. axb6 Bxb6 22. Rb1 Nh5 23. Ng5+ hxg5 24. Bxh5 Nf4 25. Bxf4 gxf4 26. bxc5 Qxc5 27. Re2 f5 28. Bf3 Rab8 29. Reb2 Rf6 30. Nb4 Bc8 31. Nd5 Rc6 32. Ra2 g6 33. Nb4 Rd6 34. Nxa6 Bxa6 35. Rxa6 Kh6 36. Rb5 Qc7 37. Qb1 fxe4 38. Bxe4 Re8 39. Raxb6 Rxb6 40. Rxb6 Rg8 41. Rb7 Qa5 42. Rb5 Qc7 43. Qd1 Qc8 44. Rxe5 Qc7 45. Rb5 Qe7 46. Qf3 Qh4 47. Bd5 Rg7 48. Be4 Qf6 49. Qg4 Kh7 50. Qh5+ Kg8 51. Rb8+ 1-0

[Event "Roncana op-B 5th"]
[Site "Santa Eulalia de Roncana"]
[Date "2011.11.12"]
[Round "6"]
[White "Alexandry Alexandru, Stefan"]
[Black "Viaplana Puigdomenech, Santi"]
[Result "0-1"]
[WhiteElo "1568"]
[BlackElo "1627"]
[PlyCount "88"]
[EventDate "2011.10.01"]
[EventType "swiss"]
[EventRounds "8"]
[EventCountry "ESP"]
[SourceTitle "EXT 2013"]
[Source "ChessBase"]
[SourceDate "2012.11.22"]
[SourceVersion "1"]
[SourceVersionDate "2012.11.22"]
[SourceQuality "1"]

1. e4 e5 2. Nf3 Nc6 3. Nc3 Nf6 4. a3 d6 5. h3 Be7 6. Bc4 0-0 7. d3 Nd7 8. Nd5 h6 9. 0-0 Nb6 10. Nxe7+ Qxe7 11. Ba2 Be6 12. c4 Nd7 13. Be3 Rfe8 14. b4 b6 15. Re1 Nf6 16. Qd2 Qf8 17. Rf1 Ne7 18. Qc2 c5 19. bxc5 bxc5 20. Qc3 Ng6 21. Qd2 Nh5 22. Bb3 Bd7 23. Bd1 Nhf4 24. Nh2 Qe7 25. Bg4 h5 26. Bxd7 Qxd7 27. Kh1 Qe7 28. Rg1 Qf6 29. Nf3 Nh4 30. Nxh4 Qxh4 31. Kh2 Qf6 32. g3 Ne6 33. Qe2 g6 34. Rgf1 Nd4 35. Bxd4 cxd4 36. f4 h4 37. Qg4 hxg3+ 38. Qxg3 Qg7 39. fxe5 dxe5 40. Rf3 Rab8 41. Raf1 Rb3 42. a4 Reb8 43. R1f2 Rb2 44. Rxf7 Qxf7 0-1

[Event "Roncana op-B 5th"]
[Site "Santa Eulalia de Roncana"]
[Date "2011.10.22"]
[Round "4"]
[White "Las Heras Maestro, Lluis"]
[Black "Viaplana Puigdomenech, Santi"]
[Result "1/2-1/2"]
[WhiteElo "1497"]
[BlackElo "1627"]
[PlyCount "98"]
[EventDate "2011.10.01"]
[EventType "swiss"]
[EventRounds "8"]
[EventCountry "ESP"]
[SourceTitle "EXT 2013"]
[Source "ChessBase"]
[SourceDate "2012.11.22"]
[SourceVersion "1"]
[SourceVersionDate "2012.11.22"]
[SourceQuality "1"]

1. e4 e5 2. Nf3 Nc6 3. Nc3 Nf6 4. d4 exd4 5. Nxd4 Be7 6. Be3 0-0 7. f3 d6 8. Qd2 Nxd4 9. Bxd4 Be6 10. 0-0-0 c6 11. g4 Ne8 12. h4 c5 13. Be3 Bf6 14. Nd5 Bxd5 15. exd5 Qb6 16. c3 Qa5 17. Kb1 Be7 18. g5 g6 19. h5 Ng7 20. Bd3 Nxh5 21. Rxh5 gxh5 22. Rh1 f5 23. gxf6 Bxf6 24. Rxh5 Rf7 25. Qg2+ Kh8 26. Qg6 Qc7 27. Qh6 Qe7 28. Rf5 Raf8 29. Be4 Rg7 30. Qh3 Rff7 31. Kc2 Be5 32. Rxf7 Qxf7 33. Bh6 Rg8 34. f4 Bg7 35. Bg5 h5 36. Qe6 Qe8 37. f5 Qxe6 38. dxe6 Be5 39. e7 Kg7 40. Bxb7 Bf6 41. Bd5 Bxg5 42. Bxg8 Bxe7 43. Be6 h4 44. Kd3 Kf6 45. Ke3 Ke5 46. Kf3 a5 47. c4 Kf6 48. Kf4 Kg7 49. b3 Bf6 1/2-1/2